Syntéza a syntetické využitie N,N-difenylamidov fluórsubstituovaných benzoových kyselín ako foto- a elektroaktívne látky a potenciálne biologicky aktívne zlúčeniny

Saved in:
Bibliographic Details
Main Author: Oroszlányová, Enikő (Author)
Other Authors: Végh, Daniel (Thesis advisor)
Format: Manuscript Book
Language:Slovak
Published: 2019
Subjects:
Online Access:http://is.stuba.sk/zp/portal_zp.pl?podrobnosti=140007
Tags: Add Tag
No Tags, Be the first to tag this record!

MARC

LEADER 00000ntm a22000003a 4500
001 stuzp74370
003 SK-STU
005 20190622211717.5
007 ta
008 150427s2015----xo-----f-mn---000-0-slo-d
040 |a STU  |b slo 
041 0 |a slo 
100 1 |a Oroszlányová, Enikő  |u 048140  |4 aut  |U FCHPT Ústav organickej chémie, katalýzy a petrochémie  |T FCHPT Oddelenie organickej chémie  |X 88607  |U C8140  |Y 124  |7 88607 
242 0 1 |a Synthesis and Synthetic Utilisation of N, N-Diphenylamides of Florosubstituted Benzoic Acids as Photo- and Electroactive Materials and Potentially Biologically Active Compounds  |y eng 
245 1 0 |a Syntéza a syntetické využitie N,N-difenylamidov fluórsubstituovaných benzoových kyselín ako foto- a elektroaktívne látky a potenciálne biologicky aktívne zlúčeniny 
260 |c 2019 
650 4 |a N,N-difenylamidy  |2 slo 
650 4 |a deriváty pentafluórsubstituovaných benzoových kyselín  |2 slo 
650 4 |a SNAR – reakcie  |2 slo 
650 4 |a azidový anión  |2 slo 
650 4 |a funkčné premeny azido skupiny  |2 slo 
650 4 |a N, N-diphenylamides  |2 eng 
650 4 |a derivatives of pentafluorosubstituted benzoic acids  |2 eng 
650 4 |a SNAR reactions  |2 eng 
650 4 |a azide nucleofiles  |2 eng 
650 4 |a functional transforation of azide group  |2 eng 
700 1 |a Végh, Daniel  |u 048140  |k Z2  |4 ths  |U FCHPT Ústav organickej chémie, katalýzy a petrochémie  |T FCHPT Oddelenie organickej chémie  |X 3281  |U C8140  |Y 124  |7 A000003281 
856 4 |u http://is.stuba.sk/zp/portal_zp.pl?podrobnosti=140007